| 000 | 00478nab a2200145Ia 4500 | ||
|---|---|---|---|
| 003 | ES-SlBCS | ||
| 005 | 20210601133738.0 | ||
| 008 | 140529s2005 xxu||||| |||| 00| 0 por d | ||
| 041 | _apor | ||
| 100 | 1 |
_aYazbeck, Lola _9209131 |
|
| 245 | 0 | 0 |
_aPontos de vistas sobre pesquisa em sociologia e avaliaçao educacional _c Lola Yazbeck |
| 650 | 0 | 4 |
_aSociología de la Educación _990941 |
| 773 | 0 |
_tEducaçao e Filosofia _gvol. 19, nº. 37, 2005, págs. 201-238 _wRev1534 |
|
| 942 | _cAR | ||
| 999 |
_c601457 _d601457 |
||